Inorganic pharmaceutical chemistry / (Record no. 480104)
[ view plain ]
| 000 -LEADER | |
|---|---|
| fixed length control field | 00760cam a2200265 a 4500 |
| 001 - CONTROL NUMBER | |
| control field | 3337783 |
| 003 - CONTROL NUMBER IDENTIFIER | |
| control field | ASAB |
| 005 - DATE AND TIME OF LATEST TRANSACTION | |
| control field | 20180827062635.0 |
| 008 - FIXED-LENGTH DATA ELEMENTS--GENERAL INFORMATION | |
| fixed length control field | 850401s1985 ilu 001 0 eng |
| 010 ## - LIBRARY OF CONGRESS CONTROL NUMBER | |
| LC control number | 85136636 |
| 020 ## - INTERNATIONAL STANDARD BOOK NUMBER | |
| International Standard Book Number | 978-93-83101-55-9 |
| 040 ## - CATALOGING SOURCE | |
| Original cataloging agency | DLC |
| Transcribing agency | ASAB |
| Modifying agency | DLC |
| 050 00 - LIBRARY OF CONGRESS CALL NUMBER | |
| Classification number | RS403 |
| Item number | .D57 1985 |
| 082 00 - DEWEY DECIMAL CLASSIFICATION NUMBER | |
| Classification number | 615/.19 |
| Edition number | 19 |
| 100 1# - MAIN ENTRY--PERSONAL NAME | |
| Personal name | Barneston Ansley |
| 9 (RLIN) | 1846 |
| 245 10 - TITLE STATEMENT | |
| Title | Inorganic pharmaceutical chemistry / |
| Statement of responsibility, etc. | Barneston Ansley |
| 260 ## - PUBLICATION, DISTRIBUTION, ETC. | |
| Place of publication, distribution, etc. | Jaipur delhi |
| Name of publisher, distributor, etc. | agrotech press |
| 300 ## - PHYSICAL DESCRIPTION | |
| Extent | xiii, 272 p. : |
| Other physical details | ll. ; |
| Dimensions | 24 cm. |
| 500 ## - GENERAL NOTE | |
| General note | Includes index. |
| 650 #0 - SUBJECT ADDED ENTRY--TOPICAL TERM | |
| Topical term or geographic name entry element | Pharmaceutical chemistry. |
| 9 (RLIN) | 1847 |
| 650 #0 - SUBJECT ADDED ENTRY--TOPICAL TERM | |
| Topical term or geographic name entry element | Chemistry, Inorganic. |
| 9 (RLIN) | 1848 |
| 700 1# - ADDED ENTRY--PERSONAL NAME | |
| Personal name | Medwick, Thomas. |
| 9 (RLIN) | 1849 |
| 700 1# - ADDED ENTRY--PERSONAL NAME | |
| Personal name | Bailey, Leonard C. |
| 9 (RLIN) | 1850 |
| 942 ## - ADDED ENTRY ELEMENTS (KOHA) | |
| Source of classification or shelving scheme | |
| Koha item type | Book |
| Withdrawn status | Lost status | Source of classification or shelving scheme | Damaged status | Not for loan | Collection code | Permanent Location | Current Location | Date acquired | Total Checkouts | Full call number | Barcode | Date last seen | Price effective from | Koha item type |
|---|---|---|---|---|---|---|---|---|---|---|---|---|---|---|
| Atta-ur-Rahman School of Applied Biosciences (ASAB) | Atta-ur-Rahman School of Applied Biosciences (ASAB) | 06/09/2016 | 615 ANS | ASAB3353 | 06/09/2016 | 06/09/2016 | Book |
